№ 1-8, 10, 11, 13, 15, 17, 20, 22, 24-28,30; За кадры

Bibliografiske detaljer
Parent link:За кадры: газета/ Томский политехнический университет (ТПУ). № 1-8, 10, 11, 13, 15, 17, 20, 22, 24-28,30.— , 1931-
Sprog:russisk
Udgivet: 2000
Format: MixedMaterials Bog
KOHA link:https://koha.lib.tpu.ru/cgi-bin/koha/opac-detail.pl?biblionumber=553877

MARC

LEADER 00000nam2a2200000 4500
001 553877
005 20231101121347.0
035 |a (RuTPU)RU\TPU\prd\247778 
035 |a RU\TPU\prd\247777 
090 |a 553877 
100 |a 20151210a20049999m y0rusy50 ca 
101 0 |a rus 
102 |a RU 
200 0 |a № 1-8, 10, 11, 13, 15, 17, 20, 22, 24-28,30 
210 |d 2000 
461 1 |0 (RuTPU)RU\TPU\prd\21853  |t За кадры  |o газета  |v № 1-8, 10, 11, 13, 15, 17, 20, 22, 24-28,30  |f Томский политехнический университет (ТПУ)  |d 1931- 
801 0 |a RU  |b 63413507  |c 20010227  |g PSBO 
801 1 |a RU  |b 63413507  |c 20131128 
801 2 |a RU  |b 63413507  |c 20170403  |g RCR 
942 |c BK 
999 |a НТБ_ТПУ  |b НФ  |e -8/20130213  |p П-5971  |u 0,00  |v 1